Celebrity Hunted - Saison 1 - Statistiques

Statistiques générales
  • Ce quiz a été pris 31 fois
  • Le résultat moyen est 4 sur 8
Statistiques - réponses
Statut Occupation Participants % Correct
Capturé Chanteur Dadju
92%
Capturé Youtuber Squeezie
73%
Exfiltré Champion Olympique de natation Florent Manaudou
65%
Exfiltré Championne Olympique de natation Laure Manaudou
62%
Capturé Youtuber Seb la Frite
46%
Exfiltré Acteur Ramzy Bédia
35%
Exfiltré Acteur et réalisateur Franck Gastambide
31%
Exfiltré Frére de Gims Darcy
19%
Aucun quiz correspondant
Distribution des résultats
% des personnes avec chaque résultat
Percentile par nombre de réponses
Votre historique - résultats
Vous n’avez pas pris ce quiz